00938nam a22002537a 450000500170000001000110001702000100002803500110003803700160004904000120006508200200007710000250009724501260012226000470024827000490029530000220034450000400036665000250040665000250043170000310045694200290048799900190051695201490053520170124110035.0 a461921 c00.00 a461921 bCen Lib/Ret aDPLbEN a301.440954bBOP aBopegamage, A922508 aStatus images in changing India :cby A Bopegamage [and] P. V. Veeraraghavanba study based on two surveys conducted by / aBombaybP. C. Manaktala and Sons c1967 a6 Fair Field, Road No. 4, ChurchgatebBombay ax,212p.c21cm(Hb) aIncludes bibliographical references aSocial history97270 aSocial status922509 aVeeraraghavan, P. V922503 2ddccENh301.440954mBOP c128137d128137 04104070aLbLd2015-07-01eCen Lib/Ret g0.00l0o301.440954 BOPp461921r2015-07-01 00:00:00t1v0.00w2015-07-01yENzW/d list no. 6833/8